Größte europäische Sprachen auf einer Karte - Speed - Statistiken

Allgemein
  • Dieses Quiz wurde 126 mal gespielt
  • Das Durchschnittsergebnis liegt bei 29 aus 43
Antworten auf der Karte
Die Antworten werden auf der Karte rot bzw. grün angezeigt, abhängig davon wie oft sie richtig erraten wurden.
 
Antwortstatistiken
Bev Sprachen % Korrekt
97 Mio. Deutsch
98%
60 Mio. Englisch
97%
38 Mio. Spanisch
97%
66 Mio. Französisch
94%
11 Mio. Griechisch
94%
65 Mio. Italienisch
94%
39 Mio. Polnisch
94%
106 Mio. Russisch
94%
4.7 Mio. Norwegisch
93%
9.1 Mio. Schwedisch
93%
5.5 Mio. Dänisch
92%
5.4 Mio. Finnisch
91%
10 Mio. Portugiesisch
88%
10 Mio. Tschechisch
88%
22 Mio. Niederländisch
87%
24 Mio. Rumänisch
87%
32 Mio. Ukrainisch
87%
5.6 Mio. Kroatisch
84%
7.8 Mio. Bulgarisch
83%
12 Mio. Türkisch
83%
9.0 Mio. Serbisch
81%
13 Mio. Ungarisch
80%
1.7 Mio. Lettisch
79%
3.0 Mio. Litauisch
79%
5.2 Mio. Slowakisch
79%
2.1 Mio. Slowenisch
79%
5.4 Mio. Albanisch
77%
2.5 Mio. Bosnisch
74%
3.3 Mio. Weißrussisch
69%
4.0 Mio. Katalanisch
62%
1.4 Mio. Mazedonisch
56%
1.1 Mio. Estnisch
53%
4.7 Mio. Sizilianisch
52%
1.0 Mio. Kasachisch
28%
1.2 Mio. Sardisch
28%
5.7 Mio. Neapolitanisch
23%
3.8 Mio. Venetisch
18%
3.6 Mio. Lombardisch
17%
1.4 Mio. Tschetschenisch
13%
2.4 Mio. Galicisch
10%
1.5 Mio. Romani
8%
1.6 Mio. Piemontesisch
2%
1.1 Mio. Tschuwaschisch
2%
Keine übereinstimmenden Quizze gefunden
Verteilung der Resultate
Anzahl Personen mit jedem Resultat
Perzentil nach korrekt beantworteten Fragen
Ihre Resultats-Entwicklung
Sie haben dieses Quiz noch nicht gespielt